Considérations épistémologiques sur la théorie de la relativité

I tiakina i:
Ngā taipitopito rārangi puna kōrero
Kaituhi matua: Poncelet, Guy (Author)
Hōputu: Pukapuka
Reo:Wīwī
I whakaputaina: Bolonia Azzoguidi 1972
Rangatū:Centre Superiore di Logica e Scienze Comparate, 5
Ngā marau:
Ngā Tūtohu: Tāpirihia he Tūtohu
Kāore He Tūtohu, Me noho koe te mea tuatahi ki te tūtohu i tēnei pūkete!

MARC

LEADER 00000nam a2200000 a 4500
001 UCZ5692
003 CL-VaPUC
008 951124e19720000IT |||||||||||||||||fre|d
082 0 4 |a 501  |b PON  |2 21 
100 0 |a Poncelet, Guy  |e author  |9 349846 
245 1 0 |a Considérations épistémologiques sur la théorie de la relativité 
300 |a 69 p 
942 |c BK 
945 |d 19951124 00:00:00  |a cmena 
260 |a Bolonia  |b Azzoguidi  |c 1972 
650 0 |a Filosofía de las ciencias  |9 256466 
650 0 |a Ciencia  |9 255691 
650 0 |a Epistemología   |9 264994 
650 0 |a Teoría del conocimiento   |9 255038 
650 0 |a Física   |9 227844 
583 |a last modification  |c 19951124 00:00:00  |k Rodrigo Vera 
490 0 |a Centre Superiore di Logica e Scienze Comparate, 5 
999 |c 241982  |d 241980 
952 |0 0  |1 0  |4 0  |6 501_000000000000000_PON_1972  |7 0  |8 P  |9 254636  |a BIBEDU  |b BIBEDU  |c BIBEDU_PB  |d 2019-11-19  |i 1576135  |o 501 PON 1972  |p 1576135  |r 2024-01-25  |w 2019-11-19  |y BK  |k FIL